Подробности
| 000 -МАРКЕР |
| контрольное поле |
01165nam0a22002891 4500 |
| 001 - ИДЕНТИФИКАТОР ЗАПИСИ |
| контрольное поле |
RU\NLR\A1SV\78389 |
| 005 - ИДЕНТИФИКАТОР ВЕРСИИ |
| контрольное поле |
20251203171251.9 |
| 035 ## - ДРУГИЕ СИСТЕМНЫЕ НОМЕРА |
| Идентификатор записи |
(NLR Aleph) 009759848 |
| 100 ## - ДАННЫЕ ОБЩЕЙ ОБРАБОТКИ |
| Данные общей обработки |
20050928d1923 u y0rusy50 ca |
| 101 0# - ЯЗЫК РЕСУРСА |
| Язык текста, звукозаписи и т.д. |
русский |
| 102 ## - СТРАНА ПУБЛИКАЦИИ ИЛИ ПРОИЗВОДСТВА |
| Страна публикации |
российская федерация |
| 200 1# - ЗАГЛАВИЕ И СВЕДЕНИЯ ОБ ОТВЕТСТВЕННОСТИ |
| Основное заглавие |
Временное положение об учете лошадей и Инструкция по военно-повозочной переписи |
| Сведения, относящиеся к заглавию |
1923 г. |
| 210 ## - ПУБЛИКАЦИЯ, РАСПРОСТРАНЕНИЕ И ДР. |
| Место издания, распространения и т.д. |
[Ростов н. Д. |
| Имя издателя, распространителя и т. д. |
Тип. "Сов. юг" им. Карла Маркса |
| Дата издания, распространения и т.д. |
[1923?] |
| 215 ## - ФИЗИЧЕСКАЯ ХАРАКТЕРИСТИКА |
| Специфическое обозначение материала и объем |
53 с. |
| Размеры |
22 см |
| 300 ## - ОБЩИЕ ПРИМЕЧАНИЯ |
| Текст примечания |
С.5: Утв. зам. пред. рев. воен. сов. республики Э.[!]Склянский 28 июля 1923 г. |
| 620 ## - МЕСТО И ДАТА ПУБЛИКАЦИИ, ИСПОЛНЕНИЯ И Т. Д. |
| Город |
Ростов-на-Дону |
| 702 #1 - ИМЯ ЛИЦА - ВТОРИЧНАЯ ОТВЕТСТВЕННОСТЬ |
| Графика поля |
Кириллица |
| Материалы, к которым относится поле |
rus |
| Начальный элемент ввода |
Склянский |
| Часть имени, кроме начального элемента ввода |
Э. М. |
| Дополнения к именам, кроме дат |
революц. и воен. деятель |
| Даты |
1892-1925 |
| Расширение инициалов личного имени |
Эфраим Маркович |
| Системный номер авторитетной/нормативной записи |
170652 |
| Идентификатор авторитетной/нормативной записи |
RU\NLR\AUTH\770170702 |
| 790 #1 - ИМЯ ЛИЦА - АЛЬТЕРНАТИВНАЯ ФОРМА |
| Связь между полями |
z01702 |
| Начальный элемент ввода |
Склянский |
| Часть имени, кроме начального элемента ввода |
С. |
| 801 #0 - ИСТОЧНИК ЗАПИСИ |
| Страна |
российская федерация |
| Организация |
NLR |
| Дата составления |
20050928 |
| 852 ## - МЕСТОНАХОЖДЕНИЕ И ШИФР ХРАНЕНИЯ |
| Идентификатор организации |
NLR |
| Шифр хранения (Call Number) |
34/2299 |
| 852 ## - МЕСТОНАХОЖДЕНИЕ И ШИФР ХРАНЕНИЯ |
| Идентификатор организации |
NLR |
| Шифр хранения (Call Number) |
35.48.6.286 |
| 899 ## - ДАННЫЕ О МЕСТОНАХОЖДЕНИИ (устаревшее) |
| Местонахождение |
РГБ |
| 942 ## - ДОПОЛНИТЕЛЬНЫЕ ЭЛЕМЕНТЫ ЗАПИСИ (АБИС) |
| Тип экземпляра АБИС |
Книга |
| 980 ## - КОЛЛЕКЦИЯ |
| Название коллекции |
Национальная библиография |
| 980 ## - КОЛЛЕКЦИЯ |
| Название коллекции |
Международный сводный каталог русской книги (1918-1926) |